[Event "New York CITS"]
[Site "New York"]
[Date "1996.??.??"]
[Round "10"]
[White "Sokolov, Ivan"]
[Black "Kortschnoj, Viktor Lvovich"]
[Result "1-0"]
[WhiteElo "2665"]
[BlackElo "2645"]
[Annotator "Kortschnoj,V"]
[PlyCount "81"]
[EventDate "1996.03.??"]
[EventType "tourn"]
[EventRounds "11"]
[EventCountry "USA"]
[EventCategory "13"]
[SourceTitle "CBM 052"]
[Source "ChessBase"]
[SourceDate "1996.06.01"]
[SourceVersion "1"]
[SourceVersionDate "1996.06.01"]
[SourceQuality "1"]

1. d4 {Hecht Lombardy} Nf6 2. c4 e6 3. Nc3 Bb4 4. e3 b6 5. Nge2 Ne4 6. Qc2 Bb7
7. Nf4 O-O 8. Bd3 f5 9. O-O Nxc3 10. bxc3 Bd6 11. Rb1 Bxf4 12. exf4 Rf6 13. Be3
Rh6 14. f3 Nc6 15. c5 Qh4 16. g3 Qh5 17. c4 Ne7 18. Qe2 Bc6 19. Rf2 Re8 20.
Rbf1 {Lombardy: When I saw this position, with the bad bishop and pile-up on
the f-file, I assumed that Korchnoi would rack up another full point. But
White's position is better than it looks.} bxc5 21. dxc5 Ng6 22. Qc2 Rf8 23.
Bd4 e5 24. fxe5 f4 25. g4 Qg5 26. Be4 Nxe5 27. Bd5+ Nf7 28. Qb3 Re8 (28... Bxd5
29. cxd5 Re8) (28... Re6 $1 {Lombardy} 29. Bxe6 dxe6 30. Qa3 (30. Re1 e5 31. h4
Qxh4 32. Bxe5 Ng5 33. Kf1 Re8 34. Qc3 Qh1+ 35. Ke2 Bxf3+ 36. Rxf3 (36. Kd2 Ne4+
37. Rxe4 Qd1#) 36... Rxe5+ 37. Qxe5 Qxe1+ 38. Kxe1 Nxf3+) (30. Re2 e5 31. Ba1
e4 32. fxe4 Qxc5+ 33. Kh1 Ng5 34. Qd3 Nxe4 35. Rxe4 Qe7 36. Rfe1 Re8 37. Qd4
Bxe4+ 38. Kg1 c5) 30... e5 31. Bb2 Qh4 32. Qxa7 Ng5 33. Qxc7 Bxf3 (33... Qxg4+
34. Rg2 Nh3+ 35. Kh1 Bxf3 36. Rxf3 Qxf3 37. Qxg7#) 34. Rxf3 Qxg4+ 35. Rg3 fxg3
36. Rxf8+ Kxf8 37. Qd8+ Kf7 38. Qc7+ Kg6 39. Qd6+ Kh5 40. Qxe5 Qd1+ 41. Kg2
Qf3+ {and Black mates.}) 29. Re2 Qd8 (29... Rhe6 30. Bxe6 (30. Rxe6 $1 Rxe6 31.
Bxe6 dxe6 32. Qb8+ Qd8 33. Qxd8+ Nxd8 34. Be5) 30... dxe6 {with compensation})
30. Rfe1 Rxe2 31. Rxe2 Rg6 {Black has been in full retreat for the last
several moves. Now White's bishops become powerful.} 32. Qd3 Bxd5 33. cxd5 c6
34. d6 Re6 35. Rxe6 dxe6 {Hecht: DL-DS: starker wL i.V. mit Riesenfreibauer d6
==> klarer Gewinn} 36. Qb3 Qc8 37. Qb2 h5 38. h3 hxg4 39. hxg4 Ng5 40. Kg2 Qd7
41. Qb8+ (41. Qb8+ Kf7 42. Bxg7 Kxg7 43. Qc7 $18) 1-0

[Event "London Classic"]
[Site "London"]
[Date "2009.12.10"]
[Round "3"]
[White "Nakamura, Hikaru"]
[Black "Short, Nigel D"]
[Result "1/2-1/2"]
[WhiteElo "2715"]
[BlackElo "2707"]
[Annotator "Krasenkow,M"]
[PlyCount "85"]
[EventDate "2009.12.08"]
[EventType "tourn"]
[EventRounds "7"]
[EventCountry "ENG"]
[EventCategory "18"]
[SourceTitle "CBM 134"]
[Source "ChessBase"]
[SourceDate "2010.01.18"]
[SourceVersion "1"]
[SourceVersionDate "2010.01.18"]
[SourceQuality "1"]

1. d4 Nf6 2. c4 e6 3. Nc3 Bb4 4. e3 b6 5. Nge2 Ne4 6. Bd2 Nxd2 7. Qxd2 Nc6 $5
$146 {[%cal Ye6e5][%mdl 8] An original but hardly a good move, instead of the
normal} (7... O-O {or}) (7... Bb7) 8. a3 (8. Nf4 $5 Bd6 (8... e5 9. dxe5 Nxe5
10. Nfd5) 9. g3 $14) 8... Be7 9. Nf4 Bg5 $5 10. b4 {A double-edged move. White
should now reckon with ...a7-a5.} (10. Be2 $14) (10. d5 $5 Ne5 11. Nh5 $1 $14 {
[%cal Yf1e2,Yf2f4]}) 10... Bb7 11. d5 (11. Be2 a5 12. b5 Ne7 $132) 11... Ne5
12. Rc1 {It was not necessary to give up the a-file but White apparently
doesn't spoil anything.} (12. Nh5 $5 {was still possible but after} Bh6 13. Be2
Qh4 {Black now obtained good counterplay.}) (12. Be2 $5 a5 13. O-O O-O 14. Nh5
$14 {was probably the simplest way to consolidate his position and keep a
small plus.}) 12... O-O 13. Be2 a5 14. O-O axb4 15. axb4 Bxf4 (15... Be7 16.
Qb2 Bf6 17. Rfd1 $14) (15... Ng6 16. Nh5 $14) 16. exf4 Ng6 17. Rfe1 (17. g3 $5
c6 $140 18. Rfd1) 17... c6 (17... Qe7 18. Nb5) 18. g3 cxd5 19. cxd5 Ne7 20. Bf3
Ra3 21. Be4 $6 {Too slow.} (21. d6 $5 Nc6 (21... Bxf3 22. dxe7 Qxe7 23. Re3 {
[%cal Rc3d5,Re3f3]}) 22. f5 $1 $16) 21... Qa8 22. Rcd1 h6 23. Qd4 Nxd5 24. Nxd5
Bxd5 25. Bxd5 Qxd5 26. Qxd5 exd5 27. Rxd5 $14 {[%mdl 4096] The endgame is more
pleasant for White but Black eventually holds on.} Ra7 28. Rd6 Rb7 29. f5 f6
30. Red1 Rc8 31. Kg2 Rc4 32. R1d4 Rxd4 33. Rxd4 Rc7 34. Kf3 Rc2 35. h4 h5 36.
Rd5 Rc4 37. Rb5 Rc6 38. Rd5 Rc4 39. b5 Rb4 40. Ke3 Kf8 41. Rxd7 Rxb5 42. Rb7
Rxf5 43. Rxb6 1/2-1/2

[Event "Varna op 7th"]
[Site "Varna"]
[Date "2013.06.24"]
[Round "6"]
[White "Shyam, Sundar M"]
[Black "Mekhitarian, Krikor Sevag"]
[Result "0-1"]
[WhiteElo "2502"]
[BlackElo "2544"]
[Annotator "Mekhitarian,K"]
[PlyCount "94"]
[EventDate "2013.06.19"]
[EventType "swiss"]
[EventRounds "9"]
[EventCountry "BUL"]
[SourceTitle "CBM 155"]
[Source "ChessBase"]
[SourceDate "2013.07.16"]
[SourceVersion "1"]
[SourceVersionDate "2013.07.16"]
[SourceQuality "1"]

1. d4 Nf6 2. c4 e6 3. Nc3 Bb4 4. e3 O-O 5. Nge2 d5 6. a3 Be7 7. cxd5 exd5 8.
Nf4 b6 $5 {Not often played, but it is a flexible alternative, and quite
decent to me. White has to be watching the ...c5 breaks, and Black's formation,
although seemingly passive, has a lot of hidden ideas.} 9. Bd3 Bb7 10. b4 Bd6 (
10... Ne4 $2 {positionally sound, but} 11. Nfxd5 $1 Nxc3 12. Nxc3 Bxg2 13. Rg1
{I stopped my analysis here, feeling a clear danger on my K-side.} Bb7 {
clearly there's no time for Nd7-Nf6, and White could try something like:} 14.
Rxg7+ $5 Kxg7 15. Qg4+ Bg5 16. h4 $40 {looks frightening for Black!}) 11. O-O
Nbd7 {Now Black is probably going for c6-a5 (always having ...c5 ready in case
of b5). And the e-file also gives good prospects (Re8, Ne4, if d5 wasn't
hanging). Also, ...c5 directly has to be considered (with or without ...Bxf4).
White has a massive list of alternatives here. With the game plan, I started
to prefer my position already.} 12. Qb3 c6 13. Bd2 a5 $1 {Black is quite
comfortable, with Re8 next, and everything is under control. ...g5 will have
to be considered at some point.} 14. bxa5 {I don't like this, but if White
denied this idea, then he'd have to live with ...axb4 followed by ...b5, when
the c5 weakness is hardly exploited, meanwhile the b4-P could go under fire
soon.} (14. f3 {maintaining the tension} Re8 15. Nfe2 Bb8 $5 {preparing
Nf8-Qd6 ideas, and a possible K-side pressure to come.}) 14... Rxa5 {Now if
White is not going for e4, we'll have Qa8, or simply Ba6, already obtaining
small positional advantages.} 15. e4 Bxf4 16. Bxf4 dxe4 (16... c5 {is a weird
possibility:} 17. Nxd5 (17. e5 c4 18. Qd1 cxd3 19. exf6 Nxf6 $17) 17... cxd4
18. Qc2 (18. Nxf6+ Qxf6 19. Bd2 Nc5 (19... Ra7 $13 {suggested by our friend,
but this could hardly be too good}) 20. Qb1 Raa8 21. Rc1 $13) 18... Rc5 (18...
Nxd5 19. exd5 Nc5 20. Bxh7+ Kh8 21. Qf5 Qxd5 22. Qxd5 Bxd5 23. Bb1 Re8 $15 {
but should be equal after a while}) 19. Qd2 Bxd5 20. exd5 Rxd5 $44 {when White
could get a great compensation in many ways.}) 17. Nxe4 $6 (17. Bxe4 {was the
last chance for full equalization} Nxe4 18. Nxe4 c5 (18... Qh4 19. Qg3 Qxg3 20.
hxg3 c5 21. Nd6 Bd5 22. dxc5 Nxc5 $11) 19. Nd6 Ba8 20. dxc5 Nxc5 21. Qe3 $13 {
should be about equal.}) 17... c5 $1 18. Nd6 $6 (18. Nxf6+ $1 {felt like the
best try, since Black gets discoordinated for a while.} Qxf6 19. Bd2 (19. Be5
Nxe5 20. dxe5 Qc6 21. f3 b5 22. Rab1 (22. Bc2 {looks always slightly better
for Black} Bc8 $5 (22... g6 $5)) 22... c4 23. Bxc4 bxc4 24. Qxb7 Qc5+ 25. Kh1
c3 $13) 19... Raa8 20. Bxh7+ (20. Bb5 Qf5 21. dxc5 Nxc5 $13 {close to equality
again}) 20... Kxh7 21. Qh3+ Kg8 22. Qxd7 {should be equal in a number of ways}
Bc6 23. Qg4 Rfd8 24. Qg3 Qf5 $13) 18... Bd5 19. Qb2 cxd4 {Now it's very
unpleasant already, White has to find precise moves to survive.} 20. Qxd4 $2 (
20. Rad1 Nc5 21. Bf5 $1 (21. Bb1 $2 Nh5 22. Be5 Ne6 $1 $19) 21... Ne6 (21...
Nh5 22. Be5 {and now Ne6 is not destroying} Ne6 23. Bxe6 (23. f4 {lol} f6 24.
Nb7 Qe8 25. Bxe6+ Qxe6 26. Nxa5 fxe5 27. fxe5 Nf4 28. Rxd4 g5 $13 {2x lol})
23... fxe6 24. f4 $13) 22. Bxe6 fxe6 23. Qxd4 Nh5 (23... Rxa3 24. f3 $13 {
with a decent compensation, hard to evaluate}) 24. Be5 Qg5 25. g3 (25. Bg3 Nf4
26. Qe3 Ra4 $19 {big problems on holding g2}) 25... Bf3 26. Rde1 Rd5 27. Qc3
Qg4 28. Re3 Rc5 $1 (28... Rxe5 $2 29. Qxe5 (29. Rxf3 Qxf3 30. Qxe5 Nf4 $11)
29... Nf4 30. Rxf3 Nh3+ 31. Kg2 Qxf3+ 32. Kxh3 Rf6 33. Nf5 $11) 29. Qd4 Qh3 30.
Rxf3 Rxf3 31. Ne4 Rd5 32. Qxb6 h6 $13 {has to be decent for Black, but still
somewhat tense.}) 20... Nc5 $17 21. Qe3 (21. Be5 {wouldn't change matters:}
Nxd3 22. Qxd3 Bxg2 $1 23. Rfe1 Ba8 $17) 21... Bxg2 $1 22. Kxg2 Nd5 23. Bxh7+
Kxh7 24. Qd2 $2 (24. Qg3 Nxf4+ 25. Qxf4 Ne6 26. Qe4+ (26. Qb4 Rh5 27. f3 (27.
Kh1 Rh4 $1 28. f4 f5 $3 {Qa8 coming, nice} 29. Qd2 Rf6 $19)) 26... Kg8 27. Rad1
Qf6 28. Kh1 Rxa3 $19 {ugly for White.}) (24. Qh3+ Kg8 25. Be5 (25. Bg3 $6 {
makes it all easier for Black} Ne6 $1 26. Qg4 $8 f5 27. Nxf5 Rxf5 28. Qxf5
Ndf4+ 29. Qxf4 Nxf4+ 30. Bxf4 b5 $19 {with a3 falling}) 25... Ne6 26. Qf3 (26.
Qg4 Ndc7 $1 {Rg5 coming as well} 27. f4 f6 $19) 26... Qg5+ 27. Bg3 Nd4 $1 (
27... f5 $5 28. Rae1 Qh6 29. Be5 (29. Kh1 Ng5 $19 {f4 next}) 29... f4 30. Kh1
Ne3 31. fxe3 Rxe5 $17) 28. Qe4 (28. h4 Qd2 29. Qe4 f5 30. Qe1 Qh6 $1 $19) 28...
Nb3 {duplos everywhere} 29. h4 Qh5 30. Ra2 Nc3 31. Qc4 Nxa2 32. Qxb3 Qd5+ 33.
Qxd5 Rxd5 $17 {with a good endgame to come.}) 24... Nb3 $1 $19 25. Qd3+ Kg8 26.
Bg3 Nxa1 27. Rxa1 Qf6 28. Rb1 Nf4+ 29. Bxf4 Qxf4 30. Nb5 Qg5+ 31. Kh1 Rd8 32.
Qe2 Rd2 33. Qe8+ Kh7 34. Qe4+ g6 35. Qf3 Qd5 36. Qxd5 Rxd5 37. Nc3 Rf5 38. Ne4
Ra4 39. f3 Rxa3 40. Rxb6 Raxf3 41. Kg2 Re3 42. Ng3 Ra5 43. Rb7 Kg7 44. Kf2 Rea3
45. Kg2 Ra2+ 46. Kh3 Rf2 47. Ne4 Ra3+ 0-1

[Event "Metz op 30th"]
[Site "Metz"]
[Date "2012.04.17"]
[Round "6"]
[White "Sanikidze, Tornike"]
[Black "Nguyen, Chi Minh"]
[Result "1/2-1/2"]
[WhiteElo "2549"]
[BlackElo "2420"]
[Annotator "Metz Alekhine/Primel,D"]
[PlyCount "58"]
[EventDate "2012.04.14"]
[EventType "swiss"]
[EventRounds "9"]
[EventCountry "FRA"]
[SourceTitle "EXT 2013"]
[Source "ChessBase"]
[SourceDate "2012.11.22"]
[SourceVersion "1"]
[SourceVersionDate "2012.11.22"]
[SourceQuality "1"]

1. d4 {01H30} Nf6 2. c4 e6 3. Nc3 Bb4 4. e3 b6 5. Nge2 {86} Ne4 (5... Ba6 {
La grande ligne de cette varainte Fischer}) (5... c5 6. a3 Ba5 7. Rb1 Na6 8.
Bd2 O-O 9. Ng3 Bb7 (9... d5 10. cxd5 cxd4 11. exd4 Bxc3 12. bxc3 Qxd5 $11 {
Beliavsky,A (2665)-Sax,G (2545) HUN-chT 9798 1997 0-1})) 6. Qb3 {Une ligne
secondaire mais le français y avait été confronté en 2005 et le GMI avait
probablement essayé d'améliorer la partie} (6. Bd2) (6. Qc2 Bb7 7. a3 Bxc3+ 8.
Nxc3 Nxc3 9. Qxc3 O-O 10. b3 d6 11. Bb2 Nd7 12. O-O-O Qe7 13. f3 e5 14. Bd3
Rfe8 15. Bf5 Rad8 16. Bxd7 Rxd7 17. dxe5 dxe5 18. Qxe5 Qxe5 19. Bxe5 Rxd1+ 20.
Rxd1 f6 21. Bf4 g5 22. Bxc7 Rxe3 23. Bb8 Bc6 24. Kc2 Re2+ 25. Rd2 Rxd2+ 26.
Kxd2 a6 27. Kc3 Kf7 28. Ba7 b5 29. Kb4 Ke6 30. Ka5 bxc4 31. bxc4 f5 32. Kxa6 g4
33. Be3 f4 34. Bxf4 gxf3 35. gxf3 Kd7 {Jones,G (2641)-Kryvoruchko,Y (2679)
Reykjavik 2012 1/2-1/2}) 6... c5 (6... Bxc3+ 7. Nxc3 Nxc3 (7... Bb7 8. d5 Nc5 (
8... f5) 9. Qc2 a5) 8. Qxc3 {Khassanov,M (2350)-Berube,R (2331) Quebec-ch
Montreal 2004 (1) 1-0}) (6... Ba5 $5 {Curieusement ce coup thématique semble
être une nouveauté dans cet ordre de coups}) 7. f3 (7. Ng3 {Moradiabadi,E 
(2485)-Nguyen Chi Minh (2371) Paris-ch 2005 (7) 1-0}) 7... Nd6 8. Ng3 $146 {
La tentative d'amélioration} (8. a3 Ba5 9. d5 Qh4+ 10. Ng3 Nf5 11. Rg1 Nxg3 12.
hxg3 Qxg3+ 13. Ke2 Bxc3 14. Qxc3 exd5 15. Rh1 d6 16. Bd2 dxc4 17. Be1 Qe5 18.
Kf2 Be6 19. Rd1 Nd7 20. Qc2 d5 21. Bc3 Qc7 22. Rxh7 O-O-O 23. Rxh8 Rxh8 24.
Bxg7 Rg8 25. Qh7 f6 26. Qh6 Qe5 27. Rd2 Qg5 28. Qxg5 fxg5 29. Bc3 b5 30. Rd1
Kb7 31. g3 Nb6 32. Bg2 Na4 33. Be5 b4 34. axb4 cxb4 35. f4 gxf4 36. gxf4 Rd8
37. f5 Bf7 {Grynszpan,M (2320)-Soppe,G (2435) Buenos Aires 1988 0-1}) 8... Qh4
{78} 9. Bd3 Nc6 10. dxc5 Bxc5 (10... bxc5 11. O-O O-O {Plus souple car le
menace e3e4 pouvait être réfutée par la petite combinaison Nc4 exploitant la
mauvaise position de la Qb3} 12. e4 Nxc4 $1 13. Bxc4 Na5) 11. O-O f5 (11... O-O
12. Na4) 12. Na4 O-O $11 13. Nxc5 {31 Les Blancs avaient dépensé beaucoup de
temps dans cette phase de jeu et ils risquaient d'être en zeinot rapidement}
bxc5 14. Qc3 Rf6 $36 {[%cal Gf6h6]} 15. Rd1 {[%cal Gg3f1,Gf1h2] 23} Nf7 16. b3
d6 17. Bb2 e5 $1 {[%csl Rb2,Rc3] Le Ng3 est mal placé pour exploiter
l'affaiblissement de la case "d5"} 18. Qe1 Nb4 19. Bb1 Ng5 (19... a5 $5 {
[%cal Ga5a4]} 20. Bc3 Nc6 (20... Be6)) 20. f4 Nf7 21. a3 Nc6 22. b4 (22. Bc2 {
[%csl Rb3]} a5 23. Bc3 Be6) 22... Be6 23. b5 $14 {Les Blancs n'avaient plus
que 02 mns pour passer le contrôle de temps mais ils ont réussi а mobiliser la
majorité de l'aile-dame} Rh6 $1 {31 Un coup difficile а affronter en plein
zeitnot!} 24. Nxf5 $6 $138 (24. Nf1 $142 {[%cal Gf1h2,Ge1h4] Le plus solide}
Qxe1 25. Rxe1 $14 {[%csl Gb1,Gb2,Gb5] Sans les Q, les Blancs ont de
smeilleures perspectives а long terme}) 24... Qxh2+ 25. Kf2 Bxf5 26. Bxf5 exf4
$3 27. bxc6 Qh4+ (27... Qg3+ 28. Kg1 (28. Ke2 Qxe3+) 28... Qh2+) 28. Kg1 Qh2+
29. Kf2 Qh4+ 1/2-1/2

[Event "Brussels"]
[Site "Brussels"]
[Date "1987.04.15"]
[Round "5"]
[White "Meulders, Richard"]
[Black "Larsen, Bent"]
[Result "0-1"]
[WhiteElo "2360"]
[BlackElo "2565"]
[Annotator "Meulders,R"]
[PlyCount "94"]
[EventDate "1987.04.10"]
[EventType "tourn"]
[EventRounds "11"]
[EventCountry "BEL"]
[EventCategory "14"]
[SourceTitle "CBM 002"]
[Source "ChessBase"]
[SourceDate "1988.02.01"]
[SourceVersion "1"]
[SourceVersionDate "1988.02.01"]
[SourceQuality "1"]

1. d4 Nf6 2. c4 e6 3. Nc3 Bb4 4. e3 O-O 5. Bd3 d5 6. Nge2 c5 7. cxd5 exd5 8.
O-O b6 9. a3 Bxc3 10. Nxc3 $5 (10. bxc3 Ba6 (10... Bb7)) 10... Bg4 $6 (10...
Ba6 11. dxc5 bxc5 12. Bxa6 Nxa6 13. Qa4 Qc8 14. Rd1 Qb7 15. Bd2 Nc7 16. Rab1
$11) 11. f3 Be6 12. b4 $1 cxd4 13. exd4 Nc6 14. Ne2 {[%csl Rh7][%cal Yd3c2,
Yd1d3,Yc1g5]} h6 15. Bd2 {[%cal Yb4b5,Yd2b4]} Ne7 16. Qb1 $2 (16. g4 {[%cal
Yd1e1,Ye1h4,Ye2g3,Ye2f4]}) (16. Qb3) 16... Qd7 17. b5 $2 Bf5 $11 18. Rc1 Rfc8
19. Qb3 Bxd3 20. Qxd3 Nf5 21. Bb4 (21. Bf4 $142 {[%cal Yf4e5]}) 21... Re8 $6 (
21... Nd6 22. Bxd6 $11) 22. Ng3 $1 Nxg3 23. hxg3 Rac8 (23... Nh5 $142) 24. g4
$1 h5 25. g5 Nh7 26. g6 Ng5 27. gxf7+ Nxf7 28. Rxc8 Qxc8 29. Kf2 $1 Re6 $1 30.
Rh1 $2 (30. Ra2 $1 {[%cal Ya2c2]}) 30... g6 31. Re1 (31. Bd2 Nd6 32. Rc1 Nc4) (
31. Ra1 {[%cal Ya1a2,Ya2c2]}) 31... Kg7 32. Rxe6 Qxe6 33. Qc3 Qf6 34. Qe3 Nh6
35. Kf1 Nf5 36. Qe5 $4 (36. Qd3) (36. Qe8 Qxd4 (36... Nxd4 $4 37. Bc3) 37. Bf8+
Kf6 38. Be7+ $1 Kg7 (38... Nxe7 39. Qh8+) 39. Bf8+ Kh7 40. Qf7+ Ng7 41. Qxa7)
36... Qxe5 37. dxe5 Kf7 38. Kf2 Ke6 39. f4 d4 40. Kf3 Kd5 41. g4 $2 (41. Bf8 d3
(41... Ne3 42. g3 Nc2 43. Bd6 d3 44. a4 d2 45. Ke2 Ne3 46. Kxd2 Nf1+ 47. Ke2
Nxg3+ 48. Kf3 Ne4 49. Bb8 Nc3 50. Bxa7 Nxa4 51. Kg3 Ke6 52. Kf3 Kf5 53. Kg3 $11
) (41... Kc4 $1 42. e6 Kxb5 43. e7 Nd6 44. Ke2 Kc4 45. Bg7 b5 $1 46. Be5 Ne8
47. Kd2 a5 48. Kc2 d3+ 49. Kb2 d2 50. Kc2 d1=Q+ 51. Kxd1 Kb3 $19) 42. Bb4 $1
Kc4 43. Ke4 $1 Ng7 $1 44. g3 $1 Nf5 (44... Ne6 45. Ke3) 45. e6 Nxg3+ 46. Ke5
Nf5 47. Kf6 h4 48. Kxg6 Ne7+ $1 49. Bxe7 d2 50. Bxh4 d1=Q 51. e7 Qg4+ 52. Kf7
$1 Qxf4+ 53. Bf6 Qc7 54. Kf8 $11) 41... Ne3 42. gxh5 gxh5 43. a4 Nf5 44. Be1 d3
45. a5 Nd4+ 46. Kf2 h4 47. axb6 axb6 0-1

[Event "Bermuda-A"]
[Site "Bermuda"]
[Date "1995.??.??"]
[Round "4"]
[White "Pein, Malcolm"]
[Black "De Firmian, Nick E"]
[Result "1/2-1/2"]
[WhiteElo "2415"]
[BlackElo "2590"]
[Annotator "Pein,M"]
[PlyCount "131"]
[EventDate "1995.01.??"]
[EventType "tourn"]
[EventRounds "9"]
[EventCountry "BER"]
[EventCategory "10"]
[SourceTitle "CBM 046"]
[Source "ChessBase"]
[SourceDate "1995.06.01"]
[SourceVersion "1"]
[SourceVersionDate "1995.06.01"]
[SourceQuality "1"]

1. d4 Nf6 2. c4 e6 3. Nc3 Bb4 4. e3 b6 5. Nge2 Ne4 6. Qc2 Bb7 7. Nf4 $5 {
This move was tested in the late 1970s in London league play.} (7. a3 {normal})
7... f5 8. Bd3 O-O 9. O-O Nxc3 (9... Bxc3 10. bxc3 {/\f3,e4}) 10. bxc3 Bd6 11.
Rb1 $1 Nc6 (11... Bxf4 12. exf4 Nc6 13. c5 Ne7 14. c4) (11... c5 $1 12. e4 $1
cxd4 $1 (12... fxe4 $2 13. Bxe4 Bxf4 14. Bxb7 Bxh2+ 15. Kh1 $1 Qh4 16. Bg5 $1
Qxg5 17. Kxh2 Nc6 18. Bxa8 Rxa8 19. Qe4 Rf8 20. g3 cxd4 21. cxd4 Qd2 22. Kg2
Qxd4 23. Qxd4 Nxd4 24. Rbd1 $16 {Sherbakov-Kiselev/RUS-chT Elista/1994/1-0/38/
;CBM 44}) 13. exf5 Qf6 $13 {Sherbakov}) 12. c5 $1 Bxf4 13. exf4 Qf6 14. Rd1 Ne7
15. c4 Bc6 16. Bb2 Qh6 17. g3 bxc5 $6 (17... Bf3 $142 18. Be2 $2 Be4) 18. d5 $1
{White opens the position for his Bishops} exd5 19. cxd5 Bxd5 20. Qxc5 Rf7 21.
Qxc7 Nc6 22. Rbc1 Qh5 23. Bf1 Be4 24. Bg2 d6 25. Qxd6 Bxg2 26. Kxg2 Ne7 27. Rc7
Qe2 28. Bc3 Qe4+ 29. Kg1 h5 30. Qd7 Rb8 31. h4 Rb1 32. Rxb1 Qxb1+ 33. Kh2 Qxa2
34. Bd4 Ng6 35. Qe8+ Nf8 36. Rc8 Kh7 37. Ra8 Qd5 38. Rd8 Rd7 39. Rxd7 Nxd7 40.
Qxh5+ Kg8 41. Qe8+ Kh7 42. Qe3 a6 43. Qc3 Qa2 44. Qc6 Nf6 45. Bxf6 gxf6 46. Kg2
a5 47. Qd7+ Kg8 48. Qxf5 a4 49. Qg6+ Kf8 50. Qxf6+ Ke8 51. Qe5+ Kf7 52. h5 a3
53. h6 Qb2 54. h7 Qxe5 55. fxe5 Kg7 56. e6 Kxh7 57. e7 a2 58. e8=Q a1=Q 59. g4
Qd1 60. Qe4+ Kh8 61. g5 $18 Kg7 62. Qe5+ Kh7 63. Qf5+ (63. Qe6 $18) 63... Kg7
64. Qf6+ Kg8 65. g6 Qg4+ 66. Kh2 (66. Kh2 Qg2+ 67. Kxg2 {stalemate}) 1/2-1/2